<?xml version="1.0" encoding="UTF-8"?>
<record
    xmlns:xsi="http://www.w3.org/2001/XMLSchema-instance"
    xsi:schemaLocation="http://www.loc.gov/MARC21/slim http://www.loc.gov/standards/marcxml/schema/MARC21slim.xsd"
    xmlns="http://www.loc.gov/MARC21/slim">

  <leader>00680nam a22001337a 4500</leader>
  <datafield tag="040" ind1=" " ind2=" ">
    <subfield code="c">RUA</subfield>
  </datafield>
  <datafield tag="082" ind1=" " ind2=" ">
    <subfield code="a">AGR ROE 2012 B041 Or.1</subfield>
  </datafield>
  <datafield tag="100" ind1=" " ind2=" ">
    <subfield code="a">ROEM, SOMVICHEA.</subfield>
  </datafield>
  <datafield tag="245" ind1=" " ind2=" ">
    <subfield code="a">Release of nitrogen from feace andurine of cattle fed from different diets under net house condition &#x1780;&#x17B6;&#x179A;&#x1794;&#x1789;&#x17D2;&#x1785;&#x17C1;&#x1789;&#x17A2;&#x17B6;&#x179F;&#x17BC;&#x178F;&#x1796;&#x17B8;&#x179B;&#x17B6;&#x1798;&#x1780; &#x1793;&#x17B7;&#x1784;&#x1791;&#x17B9;&#x1780;&#x1793;&#x17C4;&#x1798;&#x1782;&#x17C4;&#x1794;&#x17B6;&#x1793;&#x1796;&#x17B8;&#x1785;&#x17C6;&#x178E;&#x17B8;&#x1795;&#x17D2;&#x179F;&#x17C1;&#x1784;&#x17D7;&#x1782;&#x17D2;&#x1793;&#x17B6;&#x1780;&#x17D2;&#x179A;&#x17C4;&#x1798;&#x179B;&#x1780;&#x17D2;&#x1781;&#x1781;&#x178E;&#x17D2;&#x178C;&#x1795;&#x17D2;&#x1791;&#x17C7;&#x179F;&#x17C6;&#x178E;&#x17B6;&#x1789;&#x17CB;</subfield>
  </datafield>
  <datafield tag="260" ind1=" " ind2=" ">
    <subfield code="a">Phnom Penh</subfield>
    <subfield code="b">RUA</subfield>
    <subfield code="c">2012</subfield>
  </datafield>
  <datafield tag="300" ind1=" " ind2=" ">
    <subfield code="a">viii; 40p.</subfield>
    <subfield code="b">ill.</subfield>
    <subfield code="c">29cm.</subfield>
  </datafield>
  <datafield tag="856" ind1=" " ind2=" ">
    <subfield code="u">https://drive.google.com/file/d/1xi2NNKHrNhGWenAEjZoI1U1zS9MbN-g7/view?usp=sharing</subfield>
  </datafield>
  <datafield tag="942" ind1=" " ind2=" ">
    <subfield code="c">AGR</subfield>
  </datafield>
  <datafield tag="999" ind1=" " ind2=" ">
    <subfield code="c">1174</subfield>
    <subfield code="d">1174</subfield>
  </datafield>
  <datafield tag="952" ind1=" " ind2=" ">
    <subfield code="0">0</subfield>
    <subfield code="1">0</subfield>
    <subfield code="2">ddc</subfield>
    <subfield code="4">0</subfield>
    <subfield code="6">AGR_ROE_2012_000000000000000_B051_OR_1</subfield>
    <subfield code="7">0</subfield>
    <subfield code="9">4835</subfield>
    <subfield code="a">LBB</subfield>
    <subfield code="b">LBB</subfield>
    <subfield code="c">B051</subfield>
    <subfield code="d">2015-09-24</subfield>
    <subfield code="o">AGR ROE 2012 B051 Or.1</subfield>
    <subfield code="p">RUA000525</subfield>
    <subfield code="r">2015-09-24</subfield>
    <subfield code="w">2015-09-24</subfield>
    <subfield code="y">AGR</subfield>
  </datafield>
  <datafield tag="952" ind1=" " ind2=" ">
    <subfield code="0">0</subfield>
    <subfield code="1">0</subfield>
    <subfield code="2">ddc</subfield>
    <subfield code="4">0</subfield>
    <subfield code="6">AGR_ROE_2012_000000000000000_B051_OR_2</subfield>
    <subfield code="7">0</subfield>
    <subfield code="9">4836</subfield>
    <subfield code="a">LBB</subfield>
    <subfield code="b">LBB</subfield>
    <subfield code="c">B051</subfield>
    <subfield code="d">2015-09-24</subfield>
    <subfield code="o">AGR ROE 2012 B051 Or.2</subfield>
    <subfield code="p">RUA000524</subfield>
    <subfield code="r">2015-09-24</subfield>
    <subfield code="w">2015-09-24</subfield>
    <subfield code="y">AGR</subfield>
  </datafield>
  <datafield tag="952" ind1=" " ind2=" ">
    <subfield code="0">0</subfield>
    <subfield code="1">0</subfield>
    <subfield code="2">ddc</subfield>
    <subfield code="4">0</subfield>
    <subfield code="6">AGR_ROE_2012_000000000000000_B051_OR_3</subfield>
    <subfield code="7">0</subfield>
    <subfield code="9">4837</subfield>
    <subfield code="a">LBB</subfield>
    <subfield code="b">LBB</subfield>
    <subfield code="c">B051</subfield>
    <subfield code="d">2015-09-24</subfield>
    <subfield code="o">AGR ROE 2012 B051 Or.3</subfield>
    <subfield code="p">RUA000596</subfield>
    <subfield code="r">2015-09-24</subfield>
    <subfield code="w">2015-09-24</subfield>
    <subfield code="y">AGR</subfield>
  </datafield>
  <datafield tag="952" ind1=" " ind2=" ">
    <subfield code="0">0</subfield>
    <subfield code="1">0</subfield>
    <subfield code="2">ddc</subfield>
    <subfield code="4">0</subfield>
    <subfield code="6">AGR_ROE_2012_000000000000000_B051_OR_4</subfield>
    <subfield code="7">0</subfield>
    <subfield code="9">4838</subfield>
    <subfield code="a">LBB</subfield>
    <subfield code="b">LBB</subfield>
    <subfield code="c">B051</subfield>
    <subfield code="d">2015-09-24</subfield>
    <subfield code="o">AGR ROE 2012 B051 Or.4</subfield>
    <subfield code="p">RUA000597</subfield>
    <subfield code="r">2015-09-24</subfield>
    <subfield code="w">2015-09-24</subfield>
    <subfield code="y">AGR</subfield>
  </datafield>
  <datafield tag="952" ind1=" " ind2=" ">
    <subfield code="0">0</subfield>
    <subfield code="1">0</subfield>
    <subfield code="2">ddc</subfield>
    <subfield code="4">0</subfield>
    <subfield code="6">AGR_ROE_2012_000000000000000_B051_OR_5</subfield>
    <subfield code="7">0</subfield>
    <subfield code="9">4839</subfield>
    <subfield code="a">LBB</subfield>
    <subfield code="b">LBB</subfield>
    <subfield code="c">B051</subfield>
    <subfield code="d">2015-09-24</subfield>
    <subfield code="o">AGR ROE 2012 B051 Or.5</subfield>
    <subfield code="p">RUA000598</subfield>
    <subfield code="r">2015-09-24</subfield>
    <subfield code="w">2015-09-24</subfield>
    <subfield code="y">AGR</subfield>
  </datafield>
  <datafield tag="952" ind1=" " ind2=" ">
    <subfield code="0">0</subfield>
    <subfield code="1">0</subfield>
    <subfield code="2">ddc</subfield>
    <subfield code="4">0</subfield>
    <subfield code="6">AGR_ROE_2012_000000000000000_B051_OR_6</subfield>
    <subfield code="7">0</subfield>
    <subfield code="9">5169</subfield>
    <subfield code="a">LBB</subfield>
    <subfield code="b">LBB</subfield>
    <subfield code="d">2015-09-25</subfield>
    <subfield code="o">AGR ROE 2012 B051 Or.6</subfield>
    <subfield code="p">RUA005543</subfield>
    <subfield code="r">2015-09-25</subfield>
    <subfield code="w">2015-09-25</subfield>
    <subfield code="y">AGR</subfield>
  </datafield>
  <datafield tag="952" ind1=" " ind2=" ">
    <subfield code="0">0</subfield>
    <subfield code="1">0</subfield>
    <subfield code="2">ddc</subfield>
    <subfield code="4">0</subfield>
    <subfield code="6">AGR_ROE_2012_000000000000000_B051_OR_7</subfield>
    <subfield code="7">0</subfield>
    <subfield code="9">5170</subfield>
    <subfield code="a">LBB</subfield>
    <subfield code="b">LBB</subfield>
    <subfield code="d">2015-09-25</subfield>
    <subfield code="o">AGR ROE 2012 B051 Or.7</subfield>
    <subfield code="p">RUA005617</subfield>
    <subfield code="r">2015-09-25</subfield>
    <subfield code="w">2015-09-25</subfield>
    <subfield code="y">AGR</subfield>
  </datafield>
  <datafield tag="952" ind1=" " ind2=" ">
    <subfield code="0">0</subfield>
    <subfield code="1">0</subfield>
    <subfield code="2">ddc</subfield>
    <subfield code="4">0</subfield>
    <subfield code="6">AGR_ROE_2012_000000000000000_B051_OR_8</subfield>
    <subfield code="7">0</subfield>
    <subfield code="9">5171</subfield>
    <subfield code="a">LBB</subfield>
    <subfield code="b">LBB</subfield>
    <subfield code="c">B051</subfield>
    <subfield code="d">2015-09-25</subfield>
    <subfield code="o">AGR ROE 2012 B051 Or.8</subfield>
    <subfield code="p">RUA009573</subfield>
    <subfield code="r">2015-09-25</subfield>
    <subfield code="w">2015-09-25</subfield>
    <subfield code="y">AGR</subfield>
  </datafield>
  <datafield tag="952" ind1=" " ind2=" ">
    <subfield code="0">0</subfield>
    <subfield code="1">0</subfield>
    <subfield code="4">0</subfield>
    <subfield code="6">AGR_ROE_2012_000000000000000_B041_OR_1</subfield>
    <subfield code="7">0</subfield>
    <subfield code="9">96479</subfield>
    <subfield code="a">LBB</subfield>
    <subfield code="b">LBB</subfield>
    <subfield code="d">2023-11-14</subfield>
    <subfield code="l">1</subfield>
    <subfield code="o">AGR ROE 2012 B041 Or.1</subfield>
    <subfield code="p">RUA000599</subfield>
    <subfield code="r">2023-11-22</subfield>
    <subfield code="s">2023-11-14</subfield>
    <subfield code="y">AGR</subfield>
  </datafield>
</record>
